000 00500pam a2200205 a 4500
001 3733986
005 20180918045645.0
008 811103s1982 maua 001 0 eng
010 _a 81020000
020 _a0871507501
040 _aDLC
_cDLC
_dDLC
041 _aeng
080 _a540 MAN
082 0 0 _a540 MAN
_219
100 1 _a12
101 _aKIM
245 1 0 _aGeneral applied chemistry /
_cStanley E. Manahan.
906 _a7
_bcbc
_corignew
_d1
_eocip
_f19
_gy-gencatlg
942 _2ddc
_cBK
999 _c47918
_d47918